000 01448nam a2200421 i 4500
001 14612
003 KOSZ 005
005 20201009134727.0
008 070825s1972 pl a f |000 0 pol
015 _aPB 1972/5918
035 _a(OCoLC)751445571
040 _aWA N
_cWA N
_dKOSZ 005/HR
_dKOSZ 005/RW
046 _k1972
080 _a621.4
080 _a621.51/.54
080 _a62-5
100 1 _aGórniak, Janusz.
_eAutor
245 1 0 _aSterowanie silników wysokoprężnych i sprężarek gazowych /
_cJanusz Górniak, Andrzej Bogdański.
260 _aWarszawa :
_bWydawnictwa Naukowo-Techniczne,
_c1972.
300 _a214, [1] stron, [4] karty tablic :
_bilustracje ;
_c21 cm.
336 _aTekst
_btxt
_2rdacontent
337 _aBez urządzenia pośredniczącego
_bn
_2rdamedia
338 _aWolumin
_bnc
_2rdacarrier
380 _aKsiążki
388 _a1901-2000
388 _a1945-1989
504 _aBibliografia na stronach 210-[212]. Indeks.
650 4 _aObsługa i eksploatacja
650 4 _aAutomatyzacja
650 4 _aUrządzenia
650 4 _aSprężarki
650 4 _aSilniki Diesla
658 _aInżynieria i technika
700 1 _aBogdański, Andrzej.
_eAutor
710 2 _aWydawnictwa Naukowo-Techniczne
_4pbl.
856 _uhttp://koha.tu.koszalin.pl/cgi-bin/koha/opac-detail.pl?biblionumber=14612
_yKatalog online BPK
942 _2UKD
_cKS
999 _c14612
_d14612